Регионална библиотека "Любен Каравелов" - Русе

Фичето. В такова време (Запис номер 514274)

MARC детайли
000 -Лидер
Лидер 01118aaa a2200289 a 4500
003 - Код на организацията, давaща контролен номер
Код на организацията, даваща контролен номер BLK
005 - Дата и час на последна редакция
Дата и час на последна редакция 20240730142553.0
007 - Фиксирано поле за физическо описани
Физическо описание ta
008 - Елементи от данни с фиксирана дължина
Елементи с фиксирана дължина 221104b bu |||||r|||| 00| | bu d
040 ## - Източник на каталожния запис
Код на библиотеката BLK
041 ## - Код за език
Език Български
Език за КДБФ Български
080 ## - УДК
УДК текст Архитекти
УДК код 72.071.1
УДК – код + определител 72.071.1 (092)
УДК – определител (092)
080 ## - УДК
УДК код 929 Фичев, Никола Иванович
УДК – код + определител 929 Фичев, Никола Иванович
100 1# - Редна дума - Автор
R(LIN) 31220
Автор Анастасов, Тодор
245 ## - Сведения за заглавието
Заглавие Фичето. В такова време
Подзаглавни данни Стихотворения
Авторска отговорност Тодор Анастасов
300 ## - Физическа характеристика
Брой страници № 219, 18 септ. 1971
600 #0 - Име на лице, използвано като предмет
9 (RLIN) 271914
За него / За нея Фичев, Никола Иванов
653 ## - Ключова дума – ненормативна
9 (RLIN) 188887
Ключови думи Колю Фичето
653 ## - Ключова дума – ненормативна
9 (RLIN) 190329
Ключови думи майстори
653 ## - Ключова дума – ненормативна
9 (RLIN) 197601
Ключови думи строители
653 ## - Ключова дума – ненормативна
9 (RLIN) 181364
Ключови думи архитектура
653 ## - Ключова дума – ненормативна
9 (RLIN) 197633
Ключови думи строителство
773 0# - Описание на основна библиографска единица при аналитични записи (многотомни)
Заглавие на източника НАРОДНА МЛАДЕЖ
Място на издаване, издател и година ЦК на ДКМС 1944
Международен стандартен номер на серията ISSN 0205-1117
Контролен номер на записа 292291
Информация за връзката . //
856 ## - Електронен адрес и достъп
Инструкция (цена за достъп) 0.00
Права за достъп disable
942 ## - АРТИКУЛИ
Източник на класификационната схема Universal Decimal Classification
Вид на библиотечния документ Статия
Скрит в OPAC Не
944 ## - СЪЗДАВАНЕ И РЕДАКЦИЯ на ЗАПИСА
Дата на регистрацията/редакция Вася Ганчева
Служител, извършил регистрацията/редакцията 30549
Номер на служител Вася Ганчева
Създаване/Редакция
999 ## - СИСТЕМНИ КОНТРОЛНИ НОМЕРА
Koha biblionumber 514274
Koha biblioitemnumber 514274

Няма налични копия.

Vip Innovations Ltd, Rousse, Bulgaria 2025